000 00641nam a2200205Ia 4500
005 20260121110021.0
008 008 260114s9999 xx 000 0 hin d
020 _a9788132357353
037 _aEBOOK
040 _aCRL
_bhin
_cCRL
041 _ahin
_2hin
084 _qCRL
100 _aउमाशंकर यादव / Umashankar Yadav
_9941027
245 0 _aकृषि मशीनीकरण / Krishi Mashineekaran
260 _bभाषा प्रकाशन / Bhasha Prakashan
_c2021
856 _uhttps://bhashaprakashan.com/product-details/378876
942 _cEBOOK
999 _c1532692
_d1532692